000 003490000a22001570004500
001 002411
003 MACL
040 _aMACL
090 _c14404
_d14403
100 _aLal, Surender Nath
245 _aSrimad Bhagavad Gita
_cSurender Nath Lal
260 _aRahul Publishing House,
_c1997
350 _a250
650 _aReligion
942 _k295
_cBook
999 _c14323
_d14323